000 00423nam a2200181 a 4500
001 6892
003 CO-ViMGA
008 141112s2004 ck r 000 u spa d
040 _aCO-ViMGA
_bspa
_cCO-ViMGA
082 0 4 _a909.202 C171
100 1 _aCasasola, Luis
_95894
245 1 0 _aTurismo y ambiente
260 _aMexico :
_bTrillas,
_c1990
300 _a92 p
490 _aTurismo
650 1 4 _aTURISMO
942 _2ddc
_cBK
999 _c18860
_d18860